Indonesian License Plate Prefixes - Map Quiz - Statistics

General Stats
  • This quiz has been taken 77 times
  • The average score is 16 of 57
Answers on the Map
Answers color-coded by a green-red scale on the quiz's map according to % correct below.
 
Answer Stats
Answer % Correct
B
60%
BA
53%
AB
47%
D
47%
KH
47%
AD
44%
KB
44%
KU
44%
A
42%
L
42%
M
42%
DK
40%
F
40%
KT
40%
BM
37%
N
35%
AA
33%
BH
33%
BK
33%
BD
30%
BG
30%
E
30%
PB
30%
Z
30%
H
28%
P
28%
PA
28%
DA
26%
R
26%
S
26%
BB
23%
BE
23%
BL
23%
DR
23%
G
23%
AG
21%
BN
21%
K
21%
T
21%
BP
19%
DC
19%
DT
19%
W
19%
DD
16%
DE
16%
DH
16%
DL
16%
DP
16%
EA
16%
EB
16%
ED
16%
AE
14%
DB
14%
DW
14%
DG
12%
DM
9%
DN
9%
No matching quizzes found
Score Distribution
Percent of People with Each Score
Percentile by Number Answered
Your Score History
You have not taken this quiz